Castell de Montesquiu
Descripción Física:
1 f. plegat en 6 parts : il. col. ; 21 cm, 30 x 42 cm despleg.
MARC
| LEADER | 00000nam a2200000Ia 4500 | ||
|---|---|---|---|
| 001 | 21598 | ||
| 008 | 160829s2004 xx 000 0 cat d | ||
| 080 | |a FU-40-109 | ||
| 110 | 1 | |a Parc del Castell de Montesquiu (Catalunya) |9 52663 | |
| 245 | |a Castell de Montesquiu | ||
| 250 | |a Ed. en català | ||
| 260 | |a Barcelona : |b Diputació de Barcelona, |c 2004 | ||
| 300 | |a 1 f. plegat en 6 parts : |b il. col. ; |c 21 cm, 30 x 42 cm despleg. | ||
| 650 | |a Castell de Montesquiu |x Història |9 38927 | ||
| 650 | |a Castell de Montesquiu |x Guies |9 38928 | ||
| 710 | 1 | |a Barcelona (Catalunya : Província). |b Diputació |9 52408 | |
| 901 | |a Arxiu | ||
| 942 | |n 1 | ||
| 952 | |0 0 |1 0 |4 0 |6 FU40109 |7 1 |9 52531 |a Arxiu |b Arxiu |d 2016-12-01 |l 0 |o FU-40-109 |p 21598 |r 2016-12-01 00:00:00 |w 2016-12-01 |y ARXIU | ||
| 999 | |c 56379 |d 56379 | ||